| 000 | 00679nmm a2200265 a 4500 | ||
|---|---|---|---|
| 003 | AR-BaBNM | ||
| 005 | 20251128202859.0 | ||
| 008 | 127019s[s.f ||||||||||||||000 | spa|| | ||
| 040 | _cAR-BaBNM | ||
| 100 | 1 |
_aCané, Miguel _chijo _d1851-1905 |
|
| 245 | 1 | 0 | _aJuvenilia |
| 260 |
_aBuenos Aires _bEdiciones Anaconda _c[s.f.] |
||
| 300 | 0 | _a158 p. | |
| 650 | 4 | _aLITERATURA ARGENTINA | |
| 650 | 4 | _aAUTOBIOGRAFIAS | |
| 650 | 4 | _aGENERACION DE 1880 | |
| 650 | 4 | _aNOVELAS | |
| 653 | 0 | _aNOVELA AUTOBIOGRAFICA | |
| 653 | 0 | _aLITERATURA JUVENIL | |
| 653 | 0 | _aMEMORIAS | |
| 655 | _aLITERATURA | ||
| 700 | 1 |
_aRamos Mejía, Horacio _eprologuista |
|
| 942 | _cBK | ||
| 998 | _cMARTIN | ||
| 999 |
_c1021 _d1021 |
||